Songs Of An Uncaged Parrot : (Record no. 195238)

MARC details
000 -LEADER
fixed length control field 00615nam a22001817a 4500
005 - DATE AND TIME OF LATEST TRANSACTION
control field 20230317122637.0
010 ## - LCCN (DPL NO)
LC control number ENG-136397
020 ## - INTERNATIONAL STANDARD BOOK NUMBER
International Standard Book Number 9788194928683
Terms of availability 266.00
035 ## - SYSTEM CONTROL NUMBER
System control number EN-119929
037 ## - SOURCE OF ACQUISITION
Source of stock number/acquisition DBAD/PUB
082 ## - DEWEY DECIMAL CLASSIFICATION NUMBER
Classification number S
100 ## - MAIN ENTRY--PERSONAL NAME
Personal name Shekhar,Rajendra
245 ## - TITLE STATEMENT
Title Songs Of An Uncaged Parrot :
Statement of responsibility, etc By Rajendra Shekhar
Remainder of title Some curious cases of an upright police officer/
260 ## - PUBLICATION, DISTRIBUTION, ETC. (IMPRINT)
Name of publisher, distributor, etc Konark Publications
Place of publication, distribution, etc New Delhi
Date of publication, distribution, etc 2022
270 ## - ADDRESS
Address 206, First Floor, Peacock Lane, Shahpur Jat
City New Delhi
Postal code 110049
Telephone number +911141055065
Electronic mail address india@konarkpublishers.com
300 ## - PHYSICAL DESCRIPTION
Extent xii180p.
Dimensions 20cm(pbk)
942 ## - ADDED ENTRY ELEMENTS (KOHA)
Source of classification or shelving scheme Dewey Decimal Classification
Item type English Books
Classification part A
Call number suffix RAJ
Holdings
Withdrawn status Lost status Not for loan Collection code Home library Current library Date acquired Source of acquisition Cost, normal purchase price Full call number Barcode Copy number Koha item type
      Fiction Katevara Katevara 14/03/2023 DBAD/PUB 266.00 A RAJ EN-119929 1 English Books

© Delhi Public Library
Hit Counter
free hit counter